<?xml version="1.0" encoding="UTF-8"?>
<collection xmlns="http://www.loc.gov/MARC21/slim">
  <record>
    <leader>00000nam  2200000   4500</leader>
    <controlfield tag="001">INLIS000000000019744</controlfield>
    <controlfield tag="005">20250417111634</controlfield>
    <datafield tag="035" ind1="#" ind2="#">
      <subfield code="a">0010-0425000087</subfield>
    </datafield>
    <controlfield tag="007">ta</controlfield>
    <controlfield tag="008">250417###########################0######</controlfield>
    <datafield tag="245" ind1="#" ind2="#">
      <subfield code="a">An executive's guide to forecasting</subfield>
    </datafield>
    <datafield tag="260" ind1="#" ind2="#">
      <subfield code="a">New York :</subfield>
      <subfield code="b">John Wiley &amp; Sons,</subfield>
      <subfield code="c">1974</subfield>
    </datafield>
    <datafield tag="990" ind1="#" ind2="#">
      <subfield code="a">14318</subfield>
    </datafield>
  </record>
</collection>
